Tác phẩm văn học được giải thưởng Hồ Chí Minh

সংরক্ষণ করুন:
গ্রন্থ-পঞ্জীর বিবরন
প্রধান লেখক: Đỗ, Chu
অন্যান্য লেখক: Phạm, Tiến Duật, Hữu, Thỉnh
বিন্যাস: গ্রন্থ
ভাষা:Vietnamese
প্রকাশিত: Hà Nội Văn học 2017
বিষয়গুলি:
ট্যাগগুলো: ট্যাগ যুক্ত করুন
কোনো ট্যাগ নেই, প্রথমজন হিসাবে ট্যাগ করুন!
Thư viện lưu trữ: Trung tâm Học liệu Lê Vũ Hùng, Trường Đại học Đồng Tháp
LEADER 00924aam a22002658a 4500
001 00041830
005 20180810140831.0
008 160126s2009 ||||||viesd
020 # # |a 978 604 69 9826 6 
041 0 # |a vie 
082 1 4 |a 895.922 334  |b T101PH 
100 1 # |a Đỗ, Chu 
245 1 0 |a Tác phẩm văn học được giải thưởng Hồ Chí Minh  |c Đỗ Chu; Phạm Tiến Duật; Hữu Thỉnh 
260 # # |a Hà Nội  |b Văn học  |c 2017 
300 # # |a 991tr.  |c 21 cm. 
653 # # |a Giải thưởng 
653 # # |a Văn học hiện đại 
653 # # |a Việt Nam 
653 # # |a Truyện ngắn 
653 # # |a Hồ Chí Minh 
700 1 # |a Phạm, Tiến Duật 
700 1 # |a Hữu, Thỉnh 
852 # # |j KM.0025901  |j KM.0025902  |j KM.0025900  |j KD.0024592 
910 |d 06/08/2018 
980 # # |a Trung tâm Học liệu Lê Vũ Hùng, Trường Đại học Đồng Tháp